| 000 | 00599nam a2200205Ii 4500 | ||
|---|---|---|---|
| 003 | JO-AjNU | ||
| 008 | 230605s9999||||xx |||||||||||||| ||und|| | ||
| 040 |
_aJO-AjNU _bara _erda _cJO-AjNU |
||
| 041 | _aara | ||
| 050 | 1 | 4 | _aBP161.2.S286.1963 |
| 100 | 3 |
_aتقديم الصواف، محمد محمود, _eauthor _962074 |
|
| 245 | 0 | 0 | _aنداء الاسلام |
| 250 | _aط2 | ||
| 264 | 3 | 1 | _aعمان: دار العلم، 1963 |
| 300 | _a315ص | ||
| 336 |
_atext _btxt _2rdacontent |
||
| 337 |
_aunmediated _bn _2rdamedia |
||
| 338 |
_avolume _bnc _2rdacarrier |
||
| 650 | 4 |
_aالاسلام _962075 |
|
| 999 |
_aA28090 _c31658 _d31658 |
||